00820nam a2200241u 450000100060000000300080000600500170001400800410003103500190007204000330009104100080012408200180013210000630015024500550021325000120026826000290028030000210030950400200033065100610035094200120041199900170042395201380044031832BD-RjUL20211209051744.0140422t1954 enk 001 0 eng d a(BD-RjUL)31920 aDLCcCarPdDLCdBD-RjULbeng aeng04a283bCAC 19541 aCarpenter, Spencer Cecil,d1877- [from old catalog]99690014aThe church in England, 597-1688. /cS.C. Carpenter a1st ed. aLondon :bMurray,c1954. a516 p. ;c22 cm. aIncludes index. 0aGreat BritainxChurch history. [from old catalog]996901 2ddccBK c31832d31832 00102ddc40718NFICaRUCLbRUCLcReadingd1955-06-16eCousseu co.g20.00l0o283 CAC 1954r2014-04-22 00:00:00tC-1w2014-04-22yBK